|
|
|
|
| LEADER |
00000nam a22000007a 4500 |
| 005 |
20200723234237.0 |
| 007 |
cr|||| ||| |
| 008 |
200723s2014 br |||||s|||| 00||0 por d |
| 020 |
|
|
|a 9788582480526
|
| 035 |
|
|
|a 31881
|
| 040 |
|
|
|a vLex
|
| 090 |
|
|
|c 10706
|d 10706
|
| 100 |
1 |
|
|a Stahlhf̲er, Is̀in Schf̃fer
|
| 245 |
1 |
0 |
|a Pensando o direito
|h [Recurso electrn̤ico] /
|c Is̀in Schf̃fer Stahlhf̲er, Letc̕ia Thomasi Jahnke, Mauro Luiz Cervi
|n Volume IV
|
| 256 |
|
|
|a Servicio en ln̕ea
|
| 260 |
|
|
|a San Pablo:
|b Letras Jurídicas Editora,
|c 2014
|
| 300 |
|
|
|a 1 recurso electrn̤ico
|
| 500 |
|
|
|a Pensando o Direito se prope̳ a ser um instrumento parceiro da reflexô atrevida. Os volumes eternizam graficamente ideias de, por um lado, profissionais com longa trajetr̤ia na carreira jurd̕ica, e, por outro, tambm̌ oportunizam um "primeiro voo" aos acadm̊icos que desejam arriscar a publicaȯ̂ de um artigo cientf̕ico.
|
| 506 |
1 |
|
|a Disponible solo en los productos indicados
|d vLex Global
|d vLex Global (Academic Edition, excluding Law Schools)
|d vLex Global (U.S. Academic Edition, Law Schools)
|d vLex Global (U.S. Academic Edition, excluding Law Schools)
|d vLex Global (Academic Edition, Law Schools)
|
| 650 |
0 |
4 |
|a Derecho Pb︢lico y Administrativo
|z Brasil
|
| 700 |
1 |
|
|a Jahnke, Letc̕ia Thomasi
|
| 700 |
1 |
|
|a Cervi, Mauro Luiz
|
| 740 |
0 |
|
|a vLex Libros (Servicio en ln̕ea)
|
| 856 |
4 |
0 |
|u http://vlex.com/source/pensando-o-direito-volume-iv--31881
|z Acceso restringido
|
| 942 |
|
|
|c BOOK
|
| 999 |
0 |
|
|a Public and Administrative Law
|